[Event "CAN-ch"]
[Site "Guelph CAN"]
[Date "2015.07.15"]
[Round "8"]
[White "Gerzhoy, Leonid"]
[Black "Peredun, Andrew"]
[Result "1-0"]
[WhiteElo "2419"]
[BlackElo "2243"]
[PlyCount "77"]
[GameId "2160767908879239"]
[EventDate "2015.07.10"]
[EventType "swiss"]
[EventRounds "9"]
[EventCountry "CAN"]
[SourceTitle "CBM 167 Extra"]
[Source "ChessBase"]
[SourceDate "2015.09.14"]
[SourceVersion "1"]
[SourceVersionDate "2015.09.14"]
[SourceQuality "1"]

1. e4 e5 2. Nf3 Nc6 3. Be2 d6 4. O-O f5 5. d3 Nf6 6. Nbd2 Be7 7. c3 O-O 8. Qb3+ Kh8 9. exf5 Bxf5 10. Qxb7 Qe8 11. Qb3 Nd7 12. Ne4 Rb8 13. Qd1 d5 14. Ng3 Be6 15. d4 e4 16. Ne1 Bd6 17. f4 Ne7 18. Nc2 g6 19. c4 c6 20. c5 Bc7 21. b4 Nf6 22. a4 h5 23. b5 h4 24. Nh1 Nh5 25. g3 Bh3 26. Rf2 Nf5 27. Ra3 e3 28. Nxe3 Nf6 29. g4 Nh6 30. g5 Ne4 31. gxh6 Rxf4 32. Rxf4 Bxf4 33. Nxd5 Bxc1 34. Qxc1 Qd7 35. Qf4 Re8 36. Rxh3 Qxh3 37. Nf2 Qe6 38. Nxe4 cxd5 39. Ng5 1-0

[Event "Hart House Holidays op"]
[Site "Toronto CAN"]
[Date "2011.12.18"]
[Round "4"]
[White "Sambuev, Bator"]
[Black "Gerzhoy, Leonid"]
[Result "1-0"]
[WhiteElo "2522"]
[BlackElo "2490"]
[PlyCount "87"]
[GameId "2160767909573318"]
[EventDate "2011.12.16"]
[EventType "swiss"]
[EventRounds "5"]
[EventCountry "CAN"]

1. d4 d5 2. c4 c6 3. Nf3 Nf6 4. e3 Bf5 5. Nc3 e6 6. Nh4 Bg6 7. Qb3 Qc7 8. Nxg6 hxg6 9. g3 Nbd7 10. Bg2 Be7 11. O-O O-O 12. Bd2 Nb6 13. cxd5 exd5 14. Rfd1 Nc4 15. Be1 b5 16. Qc2 Qd7 17. e4 dxe4 18. Nxe4 Nxe4 19. Bxe4 Rac8 20. Bg2 Bf6 21. b3 Nb6 22. Rac1 Nd5 23. h4 g5 24. h5 Rfe8 25. Be4 Ne7 26. Bb4 g4 27. Bxe7 Qxe7 28. Bxc6 Red8 29. d5 Qe5 30. Kg2 Bg5 31. Re1 Qf6 32. Rcd1 Qf3+ 33. Kg1 Rd6 34. Re5 f6 35. Re2 f5 36. Rde1 Rh6 37. Re8+ Kh7 38. Qe2 Qxe2 39. R1xe2 Rc7 40. Rf8 Rf6 41. Rb8 Bc1 42. Rxb5 Kh6 43. a4 Kxh5 44. Rc5 1-0

[Event "Montreal op"]
[Site "Montreal CAN"]
[Date "2011.09.10"]
[Round "2.2"]
[White "Gerzhoy, Leonid"]
[Black "Caire, Francois"]
[Result "0-1"]
[WhiteElo "2503"]
[BlackElo "2167"]
[PlyCount "164"]
[GameId "2160767909648377"]
[EventDate "2011.09.09"]
[EventType "swiss"]
[EventRounds "5"]
[EventCountry "CAN"]

1. e4 e5 2. Nf3 Nc6 3. Bb5 a6 4. Ba4 Nf6 5. O-O Be7 6. Re1 b5 7. Bb3 O-O 8. c3 d6 9. h3 Na5 10. Bc2 c5 11. d4 Qc7 12. Nbd2 cxd4 13. cxd4 Bb7 14. d5 Rac8 15. Bd3 Nd7 16. Nf1 f5 17. Ng3 f4 18. Nf5 Bd8 19. Bd2 Nc4 20. Rc1 Qb6 21. Bxc4 bxc4 22. Qa4 Nc5 23. Qxc4 g6 24. Nh6+ Kg7 25. Ng4 h5 26. Ngxe5 dxe5 27. Nxe5 Nd7 28. Nc6 Bxc6 29. dxc6 Ne5 30. Qd5 Bf6 31. Ba5 Qb5 32. Rc5 Qxb2 33. c7 Rfe8 34. Rd1 Nf7 35. Rc6 Be5 36. Rxa6 Qc2 37. Rc6 Qa4 38. Bc3 Bxc3 39. Rxc3 Qxe4 40. Qc5 Qe5 41. Rd5 Qe4 42. Rd7 Qb1+ 43. Rc1 Qxa2 44. Qd4+ Kg8 45. Qxf4 Qe6 46. Rcd1 Ne5 47. R7d6 Qf7 48. Qg3 Kh7 49. R6d5 Qxc7 50. f4 Nf7 51. Rd7 Qb6+ 52. Kh2 Qf6 53. R1d5 Red8 54. Qf3 Rxd7 55. Rxd7 Kh6 56. Qe3 Qf5 57. Rd2 Rc4 58. Rf2 Re4 59. Qf3 Rd4 60. g4 Qe4 61. Qb3 Qd5 62. Qe3 Rd3 63. Qe7 Rd2 64. Rxd2 Qxd2+ 65. Kg3 Kg7 66. gxh5 gxh5 67. Qe4 Qd6 68. Kh2 h4 69. Qg2+ Kh7 70. Qg4 Qf6 71. Kh1 Qa1+ 72. Kh2 Qb2+ 73. Kh1 Qf6 74. Kh2 Nd8 75. Qh5+ Kg7 76. Qg4+ Kf8 77. f5 Nf7 78. Kg2 Qg5 79. Kf2 Qxg4 80. hxg4 Ke7 81. Kg2 Ng5 82. Kf2 Kf6 0-1

[Event "Montreal op"]
[Site "Montreal CAN"]
[Date "2011.09.10"]
[Round "3.9"]
[White "Libersan, Thierry"]
[Black "Gerzhoy, Leonid"]
[Result "0-1"]
[WhiteElo "2066"]
[BlackElo "2503"]
[PlyCount "88"]
[GameId "2160767909648406"]
[EventDate "2011.09.09"]
[EventType "swiss"]
[EventRounds "5"]
[EventCountry "CAN"]

1. e4 c6 2. d4 d5 3. Nc3 dxe4 4. Nxe4 Bf5 5. Ng3 Bg6 6. Nf3 Nd7 7. h4 h6 8. h5 Bh7 9. Bd3 Bxd3 10. Qxd3 e6 11. Bf4 Qa5+ 12. Bd2 Bb4 13. c3 Be7 14. c4 Qc7 15. Ne4 Ngf6 16. O-O-O O-O 17. Kb1 c5 18. Bc3 Nxe4 19. Qxe4 Nf6 20. Qe2 cxd4 21. Bxd4 Rfd8 22. Ne5 Bc5 23. Bc3 Rxd1+ 24. Rxd1 Rd8 25. Rxd8+ Qxd8 26. Qd3 Qc7 27. Qe2 Qd6 28. Qd3 Nxh5 29. Qxd6 Bxd6 30. Nd3 Nf4 31. Nxf4 Bxf4 32. Kc2 g5 33. g4 f5 34. f3 Kf7 35. Kd3 Kg6 36. a4 e5 37. c5 e4+ 38. fxe4 fxg4 39. b4 h5 40. Ke2 h4 41. Bd4 h3 42. Kf1 g3 43. b5 g2+ 44. Kf2 Bh2 0-1

[Event "Montreal op"]
[Site "Montreal CAN"]
[Date "2011.09.11"]
[Round "4.6"]
[White "Gerzhoy, Leonid"]
[Black "Zhu, Hong Rui"]
[Result "1-0"]
[WhiteElo "2503"]
[BlackElo "1959"]
[PlyCount "79"]
[GameId "2160767909648426"]
[EventDate "2011.09.09"]
[EventType "swiss"]
[EventRounds "5"]
[EventCountry "CAN"]
[SourceTitle "EXT 2022"]
[Source "ChessBase"]
[SourceDate "2021.10.06"]
[SourceVersion "1"]
[SourceVersionDate "2021.10.06"]
[SourceQuality "1"]

1. Nf3 c5 2. c4 Nc6 3. d4 cxd4 4. Nxd4 Nf6 5. Nc3 d6 6. e4 g6 7. Be2 Bg7 8. Be3 O-O 9. O-O Bd7 10. Qd2 Ng4 11. Bxg4 Bxg4 12. Rac1 Bd7 13. b3 Nxd4 14. Bxd4 Bc6 15. Rfe1 a6 16. Bxg7 Kxg7 17. Qb2 Kg8 18. c5 Qd7 19. cxd6 exd6 20. f3 Qe6 21. Ne2 Rac8 22. Qd2 Rfd8 23. Nd4 Qf6 24. Nxc6 Rxc6 25. Rxc6 bxc6 26. Qa5 d5 27. Qb6 Rd6 28. Qd4 Qe7 29. h3 h5 30. e5 Rd7 31. Rc1 Qe6 32. f4 Re7 33. Qb6 Kg7 34. Rxc6 Qf5 35. Qd8 Qxf4 36. Qxe7 Qe3+ 37. Kh1 Qe1+ 38. Kh2 h4 39. Qf6+ Kh6 40. Qf4+ 1-0

[Event "Quebec op"]
[Site "Montreal CAN"]
[Date "2011.07.25"]
[Round "4"]
[White "Gerzhoy, Leonid"]
[Black "Rozentalis, Eduardas"]
[Result "0-1"]
[WhiteElo "2483"]
[BlackElo "2571"]
[PlyCount "82"]
[GameId "2160767909649373"]
[EventDate "2011.07.23"]
[EventType "swiss"]
[EventRounds "9"]
[EventCountry "CAN"]
[SourceTitle "CBM 143 Extra"]
[Source "ChessBase"]
[SourceDate "2011.08.29"]
[SourceVersion "1"]
[SourceVersionDate "2011.08.29"]
[SourceQuality "1"]

1. d4 Nf6 2. c4 e6 3. Nc3 Bb4 4. e3 Ne4 5. Nge2 O-O 6. a3 Nxc3 7. Nxc3 Bxc3+ 8. bxc3 f5 9. g3 d6 10. Bg2 Nd7 11. O-O Nf6 12. a4 Rb8 13. c5 d5 14. c4 dxc4 15. Qc2 Bd7 16. Qxc4 Qe8 17. f3 b5 18. cxb6 cxb6 19. e4 b5 20. Qa2 b4 21. Qb3 a5 22. Bb2 Rc8 23. exf5 Qf7 24. f4 exf5 25. d5 Ne4 26. Bxe4 fxe4 27. Rac1 Bh3 28. Rfe1 Qa7+ 29. Re3 Rxc1+ 30. Bxc1 Rc8 31. d6+ Kf8 32. Qd1 Qc5 33. Bd2 Rd8 34. Qb1 Qxd6 35. Be1 Bf5 36. Kf2 Qc5 37. Qb2 Rd3 38. Bd2 h5 39. Qc1 Qd4 40. Ke1 b3 41. Qa3+ Kg8 0-1

[Event "Quebec op"]
[Site "Montreal CAN"]
[Date "2011.07.28"]
[Round "7"]
[White "Kleinman, Michael"]
[Black "Gerzhoy, Leonid"]
[Result "1/2-1/2"]
[WhiteElo "2221"]
[BlackElo "2483"]
[PlyCount "115"]
[GameId "2160767909649491"]
[EventDate "2011.07.23"]
[EventType "swiss"]
[EventRounds "9"]
[EventCountry "CAN"]
[SourceTitle "CBM 143 Extra"]
[Source "ChessBase"]
[SourceDate "2011.08.29"]
[SourceVersion "1"]
[SourceVersionDate "2011.08.29"]
[SourceQuality "1"]

1. e4 c6 2. d4 d5 3. exd5 cxd5 4. c4 Nf6 5. Nc3 e6 6. Nf3 Be7 7. cxd5 Nxd5 8. Bd3 Nc6 9. O-O O-O 10. Re1 Nf6 11. a3 b6 12. Bc2 Ba6 13. Bf4 Rc8 14. Qd2 Na5 15. Rad1 Bc4 16. Ne5 Nd5 17. Nxd5 Bxd5 18. Re3 f5 19. Bd3 Bb3 20. Rde1 Qxd4 21. Rg3 Bf6 22. h4 Rfd8 23. h5 Nc4 24. Bxc4 Bxc4 25. Nxc4 Rxc4 26. Qxd4 Rcxd4 27. Be5 Rd1 28. Rge3 Bxe5 29. Rxe5 Rxe1+ 30. Rxe1 Kf7 31. Rc1 Kf6 32. Rc7 a5 33. Rb7 Rd1+ 34. Kh2 Rd2 35. Rxb6 Rxf2 36. Rb7 f4 37. Kg1 Rc2 38. b4 axb4 39. axb4 Rb2 40. b5 e5 41. h6 gxh6 42. b6 Kf5 43. Rf7+ Ke4 44. b7 Ke3 45. Kh2 e4 46. Kh3 h5 47. Kh4 Rb1 48. Rxh7 Kd3 49. Rd7+ Ke2 50. Rf7 e3 51. Rxf4 Rxb7 52. Kxh5 Kd3 53. Rf1 Rb2 54. g4 e2 55. Re1 Rd2 56. g5 Rd1 57. Rxe2 Kxe2 58. g6 1/2-1/2

[Event "CAN-op (Pinnacle 48th CAN Op Ch)"]
[Site "Toronto CAN"]
[Date "2011.07.09"]
[Round "1"]
[White "Gerzhoy, Leonid"]
[Black "Tot, Nandor"]
[Result "1-0"]
[WhiteElo "2483"]
[BlackElo "2047"]
[PlyCount "57"]
[GameId "2160767909706949"]
[EventDate "2011.07.09"]
[EventType "swiss"]
[EventRounds "9"]
[EventCountry "CAN"]
[SourceTitle "CBM 143 Extra"]
[Source "ChessBase"]
[SourceDate "2011.08.29"]
[SourceVersion "1"]
[SourceVersionDate "2011.08.29"]
[SourceQuality "1"]

1. Nf3 Nf6 2. c4 e6 3. g3 d5 4. d4 c6 5. Bg2 Be7 6. O-O O-O 7. Qc2 a5 8. Bf4 Nh5 9. Bxb8 Rxb8 10. e4 Nf6 11. Nbd2 b5 12. Ne5 Bb7 13. exd5 exd5 14. c5 Nd7 15. Ndf3 Bf6 16. Rae1 g6 17. Bh3 Nxe5 18. dxe5 Be7 19. Nd4 Qc7 20. f4 Bc8 21. f5 Qa7 22. Rc1 Bg5 23. Nxc6 Qc7 24. Nxb8 Bxc1 25. Qxc1 Qxb8 26. Qh6 Bxf5 27. Rxf5 gxf5 28. Bxf5 Rd8 29. Bxh7+ 1-0

[Event "CAN-op (Pinnacle 48th CAN Op Ch)"]
[Site "Toronto CAN"]
[Date "2011.07.14"]
[Round "6"]
[White "Arencibia Rodriguez, Walter"]
[Black "Gerzhoy, Leonid"]
[Result "1-0"]
[WhiteElo "2476"]
[BlackElo "2483"]
[PlyCount "71"]
[GameId "2160767909707291"]
[EventDate "2011.07.09"]
[EventType "swiss"]
[EventRounds "9"]
[EventCountry "CAN"]
[SourceTitle "CBM 143 Extra"]
[Source "ChessBase"]
[SourceDate "2011.08.29"]
[SourceVersion "1"]
[SourceVersionDate "2011.08.29"]
[SourceQuality "1"]

1. d4 Nf6 2. c4 e6 3. Nf3 d5 4. Nc3 c5 5. cxd5 Nxd5 6. e3 Nc6 7. Bd3 cxd4 8. exd4 Be7 9. O-O O-O 10. a3 Bf6 11. Re1 Bd7 12. Re4 Nce7 13. h4 Bc6 14. Rg4 Nf5 15. h5 Nxc3 16. bxc3 Rc8 17. Bd2 Re8 18. Qe2 Qd5 19. Ng5 h6 20. Ne4 Be7 21. Re1 Qd8 22. Bb1 Bxa3 23. Qd3 Be7 24. Ng3 Bg5 25. Bxg5 hxg5 26. Nxf5 exf5 27. Rxe8+ Bxe8 28. Qxf5 Rxc3 29. Qh7+ Kf8 30. Qh8+ Ke7 31. Re4+ Kd7 32. Re1 Kc7 33. Qxg7 Rc6 34. h6 Qf6 35. Qxf6 Rxf6 36. h7 1-0

[Event "CAN-op (Pinnacle 48th CAN Op Ch)"]
[Site "Toronto CAN"]
[Date "2011.07.15"]
[Round "7"]
[White "Gerzhoy, Leonid"]
[Black "Perez Rodriguez, Luis Manuel"]
[Result "1/2-1/2"]
[WhiteElo "2483"]
[BlackElo "2467"]
[PlyCount "87"]
[GameId "2160767909707382"]
[EventDate "2011.07.09"]
[EventType "swiss"]
[EventRounds "9"]
[EventCountry "CAN"]
[SourceTitle "CBM 143 Extra"]
[Source "ChessBase"]
[SourceDate "2011.08.29"]
[SourceVersion "1"]
[SourceVersionDate "2011.08.29"]
[SourceQuality "1"]

1. Nf3 d5 2. d4 Nf6 3. c4 c6 4. Nc3 e6 5. Bg5 dxc4 6. e4 b5 7. e5 h6 8. Bh4 g5 9. Nxg5 hxg5 10. Bxg5 Nbd7 11. g3 Bb7 12. Bg2 Qb6 13. exf6 c5 14. d5 O-O-O 15. O-O b4 16. Rb1 Qa6 17. dxe6 Bxg2 18. e7 Bxf1 19. Qd5 Bxe7 20. fxe7 Bd3 21. Ne4 Bxe4 22. exd8=Q+ Rxd8 23. Qxe4 f6 24. Bf4 Ne5 25. Bxe5 fxe5 26. Qxe5 Qc6 27. Re1 Kb7 28. h4 a5 29. h5 Rd5 30. Qe7+ Kb6 31. g4 Kb5 32. Qe4 Qd7 33. a4+ bxa3 34. bxa3 Rd1 35. a4+ Kb4 36. Rxd1 Qxd1+ 37. Kg2 Qd3 38. Qb7+ Kxa4 39. h6 c3 40. h7 c2 41. Qc6+ Kb4 42. Qb6+ Ka4 43. Qc6+ Kb4 44. Qb6+ 1/2-1/2

[Event "CAN-op (Pinnacle 48th CAN Op Ch)"]
[Site "Toronto CAN"]
[Date "2011.07.16"]
[Round "8"]
[White "Sapozhnikov, Roman"]
[Black "Gerzhoy, Leonid"]
[Result "0-1"]
[WhiteElo "2295"]
[BlackElo "2483"]
[PlyCount "116"]
[GameId "2160767909707494"]
[EventDate "2011.07.09"]
[EventType "swiss"]
[EventRounds "9"]
[EventCountry "CAN"]
[SourceTitle "CBM 143 Extra"]
[Source "ChessBase"]
[SourceDate "2011.08.29"]
[SourceVersion "1"]
[SourceVersionDate "2011.08.29"]
[SourceQuality "1"]

1. e4 c6 2. d4 d5 3. e5 Bf5 4. Nf3 e6 5. Be2 Nd7 6. O-O Bg6 7. Nbd2 Nh6 8. Nb3 Nf5 9. a4 Be7 10. a5 a6 11. c4 O-O 12. Bd2 dxc4 13. Bxc4 c5 14. Nxc5 Nxc5 15. dxc5 Bxc5 16. b4 Ba7 17. Bg5 Qxd1 18. Rfxd1 h6 19. Bf4 Rfd8 20. Be2 Ne7 21. b5 axb5 22. Bxb5 Nd5 23. Bd2 Bc5 24. Rdc1 Be7 25. a6 bxa6 26. Rxa6 Rxa6 27. Bxa6 Ba3 28. Rc8 Rxc8 29. Bxc8 Bb2 30. Bb7 Be4 31. Bxd5 Bxd5 32. Bf4 g5 33. Bg3 Bxf3 34. gxf3 Bc1 35. h4 gxh4 36. Bxh4 Kg7 37. Kg2 Kg6 38. Kh3 Kf5 39. Bf6 Bf4 40. Bg7 h5 41. Kh4 Bxe5 42. Bh6 Kg6 43. Bg5 Bd4 44. Be3 Bxe3 45. fxe3 e5 46. Kh3 Kg5 47. Kg3 h4+ 48. Kg2 e4 49. fxe4 Kg4 50. e5 h3+ 51. Kh2 Kh4 52. Kg1 Kg3 53. Kh1 Kf3 54. Kh2 Kxe3 55. Kxh3 Kf4 56. Kh4 Kxe5 57. Kg4 Ke4 58. Kg3 f5 0-1

[Event "CAN-op (Pinnacle 48th CAN Op Ch)"]
[Site "Toronto CAN"]
[Date "2011.07.17"]
[Round "9"]
[White "Gerzhoy, Leonid"]
[Black "Golod, Vitali"]
[Result "1/2-1/2"]
[WhiteElo "2483"]
[BlackElo "2582"]
[PlyCount "52"]
[GameId "2160767909707528"]
[EventDate "2011.07.09"]
[EventType "swiss"]
[EventRounds "9"]
[EventCountry "CAN"]
[SourceTitle "CBM 143 Extra"]
[Source "ChessBase"]
[SourceDate "2011.08.29"]
[SourceVersion "1"]
[SourceVersionDate "2011.08.29"]
[SourceQuality "1"]

1. Nf3 Nf6 2. c4 e6 3. Nc3 d5 4. d4 dxc4 5. e4 Bb4 6. Bg5 b5 7. a4 c6 8. e5 h6 9. exf6 hxg5 10. fxg7 Rg8 11. g3 g4 12. Nh4 Rxg7 13. Bg2 Bb7 14. axb5 Qb6 15. O-O cxb5 16. d5 e5 17. d6 Bxc3 18. bxc3 Bxg2 19. Nxg2 Qb7 20. Ne3 Nd7 21. Qd5 Rb8 22. Rfb1 Qxd5 23. Nxd5 Rg6 24. Rxb5 Rxd6 25. Rxb8+ Nxb8 26. Ne3 Nc6 1/2-1/2

[Event "Ontario op"]
[Site "Hamilton CAN"]
[Date "2011.05.22"]
[Round "3"]
[White "Gerzhoy, Leonid"]
[Black "Sambuev, Bator"]
[Result "1-0"]
[WhiteElo "2656"]
[BlackElo "2753"]
[PlyCount "114"]
[GameId "2160767909704283"]
[EventDate "2011.05.21"]
[EventType "swiss"]
[EventRounds "6"]
[EventCountry "CAN"]
[SourceTitle "hb 2012"]

1. d4 Nf6 2. c4 g6 3. Nc3 Bg7 4. e4 d6 5. Nf3 O-O 6. Be2 e5 7. O-O Nc6 8. d5 Ne7 9. Nd2 Nd7 10. b4 f5 11. f3 f4 12. c5 Nf6 13. Nc4 Ne8 14. Na5 Nf6 15. c6 bxc6 16. dxc6 Be6 17. b5 Qb8 18. Bc4 Qb6+ 19. Kh1 d5 20. Na4 Qb8 21. exd5 Bxd5 22. Ba3 Bxc4 23. Nxc4 Re8 24. Qb3 Ned5 25. Nc5 Qc8 26. Rad1 Kh8 27. Nd7 Re6 28. Ncxe5 Qe8 29. Rxd5 Nxd5 30. Qxd5 Rxe5 31. Nxe5 Qxe5 32. Qxe5 Bxe5 33. Bc5 Kg7 34. Rd1 Kf6 35. a4 Ke6 36. a5 Rb8 37. Rb1 a6 38. b6 Kd5 39. Rc1 cxb6 40. Bxb6 Rc8 41. c7 Bd6 42. h4 Ke6 43. Kh2 Kd7 44. Rc4 Bxc7 45. Bxc7 Rxc7 46. Rxf4 Kc8 47. g4 Kb7 48. Kg3 Re7 49. Rf6 Rg7 50. Kf4 h6 51. Ke5 Rc7 52. Rxg6 Rc5+ 53. Kf6 Rxa5 54. Rxh6 Ra1 55. h5 a5 56. Rg6 a4 57. h6 Rh1 1-0

[Event "Ontario op"]
[Site "Hamilton CAN"]
[Date "2011.05.23"]
[Round "6"]
[White "Sapozhnikov, Roman"]
[Black "Gerzhoy, Leonid"]
[Result "1/2-1/2"]
[WhiteElo "2420"]
[BlackElo "2626"]
[PlyCount "101"]
[GameId "2160767909704290"]
[EventDate "2011.05.21"]
[EventType "swiss"]
[EventRounds "6"]
[EventCountry "CAN"]
[SourceTitle "hb 2012"]

1. e4 c5 2. Nf3 e6 3. d4 cxd4 4. Nxd4 a6 5. Bd3 Bc5 6. Nb3 Ba7 7. Qg4 Nf6 8. Qg3 Nc6 9. Nc3 d6 10. Bg5 h6 11. Bd2 Ne5 12. O-O-O g5 13. Be2 Qe7 14. h4 g4 15. h5 Bd7 16. Bf4 Bc6 17. Rxd6 Qxd6 18. Bxe5 Bxf2 19. Bxd6 Bxg3 20. Bxg3 Nxe4 21. Nxe4 Bxe4 22. Be5 Rg8 23. Bf6 Rc8 24. c3 Bxg2 25. Rg1 Bd5 26. Rxg4 Rxg4 27. Bxg4 Kd7 28. Be2 Rg8 29. Kd2 Rg2 30. Ke3 Rg3+ 31. Kf2 Rg2+ 32. Kf1 Rh2 33. Nd4 b5 34. b3 Rh1+ 35. Kf2 Rh2+ 36. Ke3 Rh3+ 37. Nf3 Kd6 38. c4 bxc4 39. bxc4 Bb7 40. Be5+ Kc5 41. Bd4+ Kb4 42. c5 Rxh5 43. Ne5 Rh3+ 44. Kf2 f6 45. c6 Bc8 46. Nd7 e5 47. Be3 Rh2+ 48. Ke1 Rh1+ 49. Kf2 Rh2+ 50. Ke1 Rh1+ 51. Kf2 1/2-1/2

[Event "Quebec op"]
[Site "Montreal CAN"]
[Date "2010.07.31"]
[Round "9"]
[White "Gerzhoy, Leonid"]
[Black "Malaniuk, Vladimir P"]
[Result "1/2-1/2"]
[WhiteElo "2471"]
[BlackElo "2543"]
[PlyCount "23"]
[GameId "2160767909915044"]
[EventDate "2010.07.24"]
[EventType "swiss"]
[EventRounds "9"]
[EventCountry "CAN"]
[SourceTitle "CBM 137 Extra"]
[Source "ChessBase"]
[SourceDate "2010.09.01"]
[SourceVersion "1"]
[SourceVersionDate "2010.09.01"]
[SourceQuality "1"]

1. e4 e5 2. Nf3 Nc6 3. Bb5 Nf6 4. Nc3 Bb4 5. O-O O-O 6. Bxc6 dxc6 7. Nxe5 Re8 8. Nd3 Bxc3 9. dxc3 Nxe4 10. Qf3 Nd6 11. Bf4 Qf6 12. Qd1 1/2-1/2

[Event "Quebec op"]
[Site "Montreal CAN"]
[Date "2007.07.21"]
[Round "2"]
[White "Tu, Hoang Thong"]
[Black "Gerzhoy, Leonid"]
[Result "1/2-1/2"]
[WhiteElo "2483"]
[BlackElo "2407"]
[PlyCount "95"]
[GameId "2160767910576170"]
[EventDate "2007.07.20"]
[EventType "swiss"]
[EventRounds "9"]
[EventCountry "CAN"]
[SourceTitle "CBM 119 Extra"]
[Source "ChessBase"]
[SourceDate "2007.09.04"]
[SourceVersion "1"]
[SourceVersionDate "2007.09.04"]
[SourceQuality "1"]

1. e4 c5 2. d3 e6 3. g3 Nc6 4. Bg2 d5 5. Nc3 Nf6 6. f4 dxe4 7. dxe4 Qxd1+ 8. Nxd1 Be7 9. c3 O-O 10. Ne3 Bd7 11. Nh3 Rfd8 12. Nf2 Be8 13. O-O b5 14. e5 Nd5 15. Nxd5 exd5 16. Rd1 d4 17. cxd4 Nxd4 18. Bxa8 Rxa8 19. b3 Bc6 20. h3 Nf3+ 21. Kf1 Nh2+ 22. Ke1 c4 23. Ng4 Bb4+ 24. Kf2 Nxg4+ 25. hxg4 Bc3 26. Be3 Bxa1 27. Rxa1 cxb3 28. axb3 a5 29. Bb6 a4 30. bxa4 bxa4 31. Bc5 Rb8 32. Ra3 h6 33. Bd6 Rb3 34. Rxb3 axb3 35. Ba3 Bd7 36. Kf3 Kh7 37. f5 g5 38. Ke3 Bc6 39. Kd4 Bf3 40. e6 fxe6 41. fxe6 Bxg4 42. e7 Bh5 43. Kc3 Bf7 44. e8=Q Bxe8 45. Kxb3 Kg6 46. Kc3 Kf5 47. Bf8 h5 48. Be7 1/2-1/2

[Event "Quebec op"]
[Site "Montreal CAN"]
[Date "2007.07.23"]
[Round "4"]
[White "Anastasovski, Nikola"]
[Black "Gerzhoy, Leonid"]
[Result "1/2-1/2"]
[WhiteElo "2089"]
[BlackElo "2407"]
[PlyCount "102"]
[GameId "2160767910576191"]
[EventDate "2007.07.20"]
[EventType "swiss"]
[EventRounds "9"]
[EventCountry "CAN"]
[SourceTitle "CBM 119 Extra"]
[Source "ChessBase"]
[SourceDate "2007.09.04"]
[SourceVersion "1"]
[SourceVersionDate "2007.09.04"]
[SourceQuality "1"]

1. e4 c5 2. c4 Nc6 3. Nc3 g6 4. g3 Bg7 5. Bg2 e6 6. d3 Nge7 7. Nge2 O-O 8. Be3 Nd4 9. Qd2 d6 10. Rc1 e5 11. h3 f5 12. f4 fxe4 13. dxe4 exf4 14. gxf4 Nec6 15. O-O Qh4 16. Kh2 Bd7 17. Nb5 Nxe2 18. Qxe2 Nd4 19. Nxd4 cxd4 20. Bd2 Rae8 21. c5 g5 22. cxd6 gxf4 23. Qd3 Be5 24. Kg1 Kh8 25. Rc5 Qf6 26. Rxe5 Qxe5 27. Qf3 Qxd6 28. Bxf4 Qg6 29. Be5+ Kg8 30. Qb3+ Be6 31. Rxf8+ Rxf8 32. Qxb7 d3 33. Qb4 h6 34. Kh2 Re8 35. Bc3 Kh7 36. Qd4 Rg8 37. Qxa7+ Bf7 38. Qf2 Bxa2 39. Qa7+ Bf7 40. Qf2 Be6 41. Qf3 Qg5 42. Qf2 Qh5 43. Bf1 Qf7 44. Qxf7+ Bxf7 45. Bxd3 Bg6 46. Bc4 Re8 47. e5 Bf5 48. Kg3 Kg6 49. h4 Be6 50. Bd3+ Kg7 51. h5 Rd8 1/2-1/2

[Event "Quebec op"]
[Site "Montreal CAN"]
[Date "2007.07.24"]
[Round "5"]
[White "Gerzhoy, Leonid"]
[Black "Berry, Jonathan"]
[Result "1-0"]
[WhiteElo "2407"]
[BlackElo "2241"]
[PlyCount "83"]
[GameId "2160767910576212"]
[EventDate "2007.07.20"]
[EventType "swiss"]
[EventRounds "9"]
[EventCountry "CAN"]
[SourceTitle "CBM 119 Extra"]
[Source "ChessBase"]
[SourceDate "2007.09.04"]
[SourceVersion "1"]
[SourceVersionDate "2007.09.04"]
[SourceQuality "1"]

1. Nf3 f5 2. g3 Nf6 3. Bg2 d6 4. d4 c6 5. O-O Qc7 6. Nbd2 e5 7. dxe5 dxe5 8. Nc4 e4 9. Bf4 Qf7 10. Nce5 Qe7 11. Ng5 Be6 12. Qd4 Nd5 13. Rad1 Nxf4 14. gxf4 Na6 15. Rd2 Qf6 16. Nxc6 Qxd4 17. Nxd4 Bd7 18. Nge6 Rc8 19. Rfd1 Nc5 20. Nxf8 Rxf8 21. e3 Rf6 22. Bf1 a6 23. b4 Na4 24. c4 Ke7 25. c5 Be8 26. Rc1 h6 27. Be2 g5 28. Bd1 gxf4 29. exf4 Nb6 30. Bb3 Bf7 31. Rcd1 Nc4 32. Rc2 b5 33. cxb6 Nxb6 34. Rxc8 Nxc8 35. Bxf7 Kxf7 36. Rc1 Ne7 37. Rc7 Ke8 38. Rc5 Kf7 39. Re5 Rb6 40. Nxf5 Nc6 41. Nxh6+ Kf6 42. Ng4+ 1-0

[Event "Toronto op"]
[Site "Toronto CAN"]
[Date "2007.04.07"]
[Round "3"]
[White "Salomaa, Markku"]
[Black "Gerzhoy, Leonid"]
[Result "1-0"]
[WhiteElo "1717"]
[BlackElo "2461"]
[PlyCount "61"]
[GameId "2160767910693160"]
[EventDate "2007.04.07"]
[EventType "swiss"]
[EventRounds "6"]
[EventCountry "CAN"]

1. e4 c5 2. Nf3 d6 3. d4 cxd4 4. Nxd4 Nf6 5. Nc3 Nc6 6. Nb3 e6 7. f4 Be7 8. Be2 O-O 9. Bf3 a6 10. a4 Na5 11. Nd4 Qc7 12. O-O Bd7 13. Qe1 e5 14. Nf5 Bxf5 15. exf5 Rfe8 16. g4 Bf8 17. g5 Nd7 18. Nd5 Qd8 19. f6 g6 20. f5 e4 21. fxg6 hxg6 22. Qh4 Rc8 23. Bd1 Nc6 24. Ra3 e3 25. Rf3 e2 26. Bxe2 Nd4 27. Rh3 Nxe2+ 28. Kf2 Bh6 29. Qxh6 Qxf6+ 30. gxf6 Rxc2 31. Qh8# 1-0

[Event "CAN-ch"]
[Site "Toronto CAN"]
[Date "2006.08.18"]
[Round "1"]
[White "Haessel, Dale"]
[Black "Gerzhoy, Leonid"]
[Result "0-1"]
[WhiteElo "2195"]
[BlackElo "2386"]
[PlyCount "48"]
[GameId "2160767910781846"]
[EventDate "2006.08.18"]
[EventType "swiss"]
[EventRounds "9"]
[EventCountry "CAN"]
[SourceTitle "CBM 113 Extra"]
[Source "ChessBase"]
[SourceDate "2006.09.14"]
[SourceVersion "1"]
[SourceVersionDate "2006.09.14"]
[SourceQuality "1"]

1. c4 c5 2. g3 g6 3. Bg2 Bg7 4. Nc3 Nc6 5. a3 e6 6. Rb1 Nge7 7. b4 d6 8. Nf3 O-O 9. O-O b6 10. e3 Bb7 11. d4 cxd4 12. exd4 d5 13. cxd5 exd5 14. Bf4 Nf5 15. Nxd5 Qxd5 16. Ne5 Qxg2+ 17. Kxg2 Nxe5+ 18. f3 Nxf3 19. Rxf3 Nxd4 20. Rbb3 Rad8 21. Qb1 Rfe8 22. Kf2 Re2+ 23. Kf1 Rxh2 24. Kg1 Nxf3+ 0-1

[Event "CAN-ch"]
[Site "Toronto CAN"]
[Date "2006.08.20"]
[Round "3"]
[White "Huber, Gregory"]
[Black "Gerzhoy, Leonid"]
[Result "1/2-1/2"]
[WhiteElo "2245"]
[BlackElo "2386"]
[PlyCount "81"]
[GameId "2160767910781913"]
[EventDate "2006.08.18"]
[EventType "swiss"]
[EventRounds "9"]
[EventCountry "CAN"]
[SourceTitle "CBM 113 Extra"]
[Source "ChessBase"]
[SourceDate "2006.09.14"]
[SourceVersion "1"]
[SourceVersionDate "2006.09.14"]
[SourceQuality "1"]

1. e4 c5 2. Nc3 Nc6 3. g3 g6 4. Bg2 Bg7 5. d3 e6 6. Be3 d6 7. Qd2 Rb8 8. Nge2 Nd4 9. O-O Ne7 10. Nc1 O-O 11. Nd1 b5 12. c3 Ndc6 13. Bh6 b4 14. Bxg7 Kxg7 15. Ne3 bxc3 16. bxc3 e5 17. Ne2 f6 18. f4 Be6 19. f5 Bd7 20. h4 Ng8 21. Bf3 Nce7 22. g4 Bc6 23. Ng3 d5 24. Rab1 d4 25. Rxb8 Qxb8 26. Nc4 Qc7 27. cxd4 exd4 28. Ne2 Kh8 29. Nf4 Bd7 30. Qh2 Qb8 31. h5 gxf5 32. gxf5 Nh6 33. Kh1 Nf7 34. Ne6 Qxh2+ 35. Kxh2 Bxe6 36. fxe6 Ne5 37. Nxe5 fxe5 38. Kg3 Kg7 39. Rb1 Rc8 40. Bg4 Rc7 41. Kh4 1/2-1/2